00501nam a2200169Ia 4500001001000000003000500010008004100015010001100056040000900067082001700076100002100093245010500114260005600219300001100275440002900286650001600315Para_1926CHAP220125s1966 xx 000 0 und d a200533 cCHAP aPA 595.76 R5 aRitcher, Paul O. aWhite grubs and their allies :b a study of North American scarabaeoid larve /c by Paul O. Ritcher aCorvallis, Oregon :b Oregon State University Press a219 p. aStudies in entomology; 4 aEscarabajos